000 00688nam a2200289Ia 4500
005 20260324123521.0
008 008 260324s9999 xx 000 0 eng d
020 _a9781315599618
037 _aEBOOK
040 _aCRL
040 _beng
040 _cCRL
041 _2eng
041 _aeng
084 _qCRL
100 _aCharlotte Bloch
_91170611
245 0 _aPassion and Paranoia
245 0 _bEmotions and the Culture of Emotion in Academia
260 _bTaylor and Francis
260 _c2012
365 _a
365 _b240
856 _uhttp://www.taylorfrancis.com/books/9781315599618
942 _cEBOOK
999 _c1764199
_d1764199